[Event "15. Offene HH Senioren EM 2008"]
[Site "Hamburg"]
[Date "2008.10.28"]
[Round "2.26"]
[White "Falk, Rolf"]
[Black "Lubisch, Gerwalt"]
[Result "0-1"]
[WhiteElo "1080"]
[BlackElo "1472"]
[PlyCount "92"]
[EventDate "2008.??.??"]
[WhiteTeam "Koenigsspr.SC.1984 e.V."]
[BlackTeam "SVG Blankenese"]

1. d4 d5 2. Nf3 Nc6 3. e3 Nf6 4. Bd3 g6 5. Nbd2 Bg7 6. c3 O-O 7. O-O Bg4 8. h3
Bxf3 9. Qxf3 e5 10. Qd1 e4 11. Bc2 Ne7 12. f3 Nf5 13. Nb3 Bh6 14. Re1 Qd6 15.
f4 Ng3 16. Qd2 Nfh5 17. Bd1 Nf6 18. Qf2 Nf5 19. Bg4 Nxg4 20. hxg4 Ne7 21. Qh4
Bg7 22. Rf1 Bf6 23. g5 Nf5 24. Qh2 Be7 25. g4 Ng7 26. Rf2 b6 27. Qh1 Qe6 28.
Rg2 c5 29. Bd2 c4 30. Nc1 f5 31. Qh3 fxg4 32. Qh2 Nh5 33. Ne2 Rf7 34. Ng3 Nxf4
35. exf4 e3 36. Be1 Rxf4 37. Ne2 Rf3 38. Qh4 Qf5 39. Ng3 Qf4 40. Kh1 Bxg5 41.
Qh2 Rf8 42. Rg1 h5 43. Ne2 Qe4 44. Ng3 Rxg3+ 45. Rg2 Rf1+ 46. Qg1 Rxg1+ 0-1

[Event "15. Offene HH Senioren EM 2008"]
[Site "Hamburg"]
[Date "2008.10.29"]
[Round "3.1"]
[White "Schulz, Hans Juergen"]
[Black "Jacoby, Gisbert"]
[Result "0-1"]
[WhiteElo "2015"]
[BlackElo "2186"]
[PlyCount "49"]
[EventDate "2008.??.??"]
[WhiteTeam "Hamburger SK von 1830 eV"]
[BlackTeam "Koenigsspr.SC.1984 e.V."]

1. d4 d5 2. Nc3 Nf6 3. Bg5 Nbd7 4. e4 Nxe4 5. Nxe4 dxe4 6. f3 c5 7. d5 Qb6 8.
Rb1 e5 9. Qd2 Qg6 10. fxe4 Qxe4+ 11. Be3 Nf6 12. Bb5+ Bd7 13. Bxd7+ Kxd7 14.
Nf3 Ng4 15. O-O Qxe3+ 16. Qxe3 Nxe3 17. Nxe5+ Kc7 18. Rf3 Nxd5 19. Rxf7+ Ne7
20. Re1 Rd8 21. Nd3 c4 22. Nf4 Re8 23. Ne6+ Kd6 24. Nxf8 Rhxf8 25. Rxg7 0-1

[Event "15. Offene HH Senioren EM 2008"]
[Site "Hamburg"]
[Date "2008.10.29"]
[Round "3.2"]
[White "Hawranke, Dietrich"]
[Black "Strenzke, Guenter"]
[Result "1-0"]
[WhiteElo "2127"]
[BlackElo "1976"]
[PlyCount "45"]
[EventDate "2008.??.??"]
[WhiteTeam "Pinneberger SC 1932 eV"]
[BlackTeam "SV Großhansdorf"]

1. d4 e6 2. Nf3 f5 3. g3 b6 4. Bg2 Bb7 5. O-O Nf6 6. c4 Be7 7. Nc3 c6 8. Qd3 d5
9. cxd5 cxd5 10. Bf4 Ba6 11. Qc2 O-O 12. Qa4 Bd6 13. Bxd6 Qxd6 14. Rfc1 Qd7 15.
Qa3 Rd8 16. Rc2 Qd6 17. Qa4 Qd7 18. Qa3 Qd6 19. b4 Bc4 20. Ne5 Rc8 21. Nb5 Qe7
22. Nxc4 Qd7 23. Nxb6 1-0

[Event "15. Offene HH Senioren EM 2008"]
[Site "Hamburg"]
[Date "2008.10.29"]
[Round "3.3"]
[White "Gollasch, Theo Heinz"]
[Black "Soltau, Achim"]
[Result "1/2-1/2"]
[WhiteElo "2109"]
[BlackElo "1950"]
[PlyCount "46"]
[EventDate "2008.??.??"]
[WhiteTeam "Hamburger SK von 1830 eV"]
[BlackTeam "SK Johanneum Eppendorf"]

1. Nf3 Nf6 2. g3 g6 3. c4 Bg7 4. Nc3 d5 5. d4 O-O 6. cxd5 Nxd5 7. Bg2 c5 8. e3
cxd4 9. Nxd5 Qxd5 10. O-O Bg4 11. h3 Bxf3 12. Bxf3 Qd7 13. exd4 Nc6 14. d5 Ne5
15. Bg2 Nc4 16. Qb3 Rac8 17. Rb1 b6 18. Re1 Qf5 19. Be3 e5 20. Rbc1 Nxe3 21.
Qxe3 Rc2 22. Rxc2 Qxc2 23. Qe2 Rc8 {(=)} 1/2-1/2

[Event "15. Offene HH Senioren EM 2008"]
[Site "Hamburg"]
[Date "2008.10.29"]
[Round "3.4"]
[White "Ristic, Sreten"]
[Black "Gehrke, Rolf"]
[Result "0-1"]
[WhiteElo "1937"]
[BlackElo "2052"]
[PlyCount "110"]
[EventDate "2008.??.??"]
[WhiteTeam "Altonaer SK 1873 eV"]
[BlackTeam "SC Concordia SAbt Palamedes"]

1. e4 c5 2. Nf3 Nc6 3. c3 d5 4. Bd3 dxe4 5. Bxe4 Nf6 6. Bxc6+ bxc6 7. O-O e6 8.
d4 cxd4 9. cxd4 Be7 10. Nc3 O-O 11. Bd2 c5 12. Be3 Ng4 13. Qd3 Bb7 14. Rad1 Qc7
15. d5 Rfd8 16. Qc4 Nxe3 17. fxe3 exd5 18. Nxd5 Bxd5 19. Rxd5 Rxd5 20. Qxd5 Rd8
21. Qc4 Bf6 22. b3 Qe7 23. e4 Bd4+ 24. Kh1 h6 25. Qb5 Qxe4 26. Qa5 Re8 27. Qxa7
Qe2 28. Rb1 Qd3 29. Rc1 Be3 30. Re1 Re6 31. Qa4 Qc2 32. h4 Qf2 33. a3 Rg6 34.
Rg1 h5 35. Qe8+ Kh7 36. Qxf7 Qg3 37. Qf5 Kh6 38. Qe4 Bxg1 39. Nxg1 Qg4 40. Qe3+
Kh7 41. Qh3 Kg8 42. Qh2 Qe4 43. Nf3 Qb1+ 44. Qg1 Qxg1+ 45. Kxg1 Rb6 46. Nd2 Kf7
47. Kf2 Ke6 48. Ke3 Kd5 49. Kd3 Rg6 50. Nc4 Rg3+ 51. Ne3+ Ke5 52. Kd2 Ke4 53.
Kc3 Rxe3+ 54. Kc4 Ke5 55. a4 Kd6 0-1

[Event "15. Offene HH Senioren EM 2008"]
[Site "Hamburg"]
[Date "2008.10.29"]
[Round "3.5"]
[White "Bahr, Peter"]
[Black "Weiss, Siegfried"]
[Result "0-1"]
[WhiteElo "2028"]
[BlackElo "2056"]
[PlyCount "91"]
[EventDate "2008.??.??"]
[WhiteTeam "SF Sasel 1947"]
[BlackTeam "Koenigsspr.SC.1984 e.V."]

1. d4 e6 2. c4 f5 3. Nf3 Nf6 4. g3 Bb4+ 5. Nfd2 O-O 6. Bg2 c6 7. O-O d5 8. b3
Nbd7 9. Bb2 Bd6 10. Nf3 Ne4 11. e3 Qf6 12. Nc3 g5 13. Ne2 Qg7 14. Ne1 b6 15. f3
Nef6 16. Nd3 Ba6 17. Rc1 Rac8 18. Rc2 Rfd8 19. Qd2 dxc4 20. bxc4 c5 21. Rfc1
Bb7 22. Nf2 Bb8 23. Qe1 Qg6 24. Rd2 Re8 25. Qd1 h5 26. Qc2 Kf7 27. e4 cxd4 28.
Nxd4 f4 29. g4 Ne5 30. gxh5 Qxh5 31. Qb3 g4 32. c5 gxf3 33. Bh3 Nfg4 34. Bxg4
Nxg4 35. Qxf3 Qxh2+ 36. Kf1 Ne3+ 37. Ke2 Ba6+ 38. Rd3 Qg3 39. Qh5+ Qg6 40.
Qxg6+ Kxg6 41. Rg1+ Kf7 42. Kf3 Bxd3 43. Nxd3 Nc4 44. Bc3 Ne5+ 45. Nxe5+ Bxe5
46. c6 0-1

[Event "15. Offene HH Senioren EM 2008"]
[Site "Hamburg"]
[Date "2008.10.29"]
[Round "3.6"]
[White "Putzbach, Gerd"]
[Black "Scheinpflug, Michael"]
[Result "1-0"]
[WhiteElo "2297"]
[BlackElo "1814"]
[PlyCount "120"]
[EventDate "2008.??.??"]
[WhiteTeam "Niendorfer TSV 1919 SAbt"]
[BlackTeam "SF Wedel"]

1. e4 c6 2. d4 d5 3. e5 c5 4. dxc5 Nc6 5. Bb5 e6 6. Be3 Nge7 7. f4 g6 8. Nf3
Bg7 9. c3 Bd7 10. Bd3 f6 11. exf6 Bxf6 12. Nbd2 Nf5 13. Bxf5 gxf5 14. Bd4 Qe7
15. Ne5 Nxe5 16. fxe5 Bg7 17. Qh5+ Qf7 18. Qxf7+ Kxf7 19. O-O Bf8 20. b4 Bb5
21. Rfe1 Rg8 22. a4 Bd3 23. Re3 Be4 24. Nxe4 dxe4 25. a5 a6 26. Rf1 Be7 27.
Rxe4 h5 28. Re3 h4 29. Rd3 Rg6 30. h3 Rd8 31. Rfd1 Rg3 32. Rxg3 hxg3 33. Kf1 f4
34. Ke2 Kg6 35. Kd3 Kf5 36. Kc4 Rd5 37. b5 Bxc5 38. bxa6 bxa6 39. Ra1 Be7 40.
Kd3 Bd8 41. c4 Rxa5 42. Rxa5 Bxa5 43. c5 Bc7 44. c6 Bd8 45. h4 Bc7 46. h5 f3
47. gxf3 g2 48. f4 a5 49. Ke2 a4 50. Kf3 a3 51. Kxg2 a2 52. Kf3 Bb6 53. Ba1 Bc7
54. h6 Kg6 55. f5+ exf5 56. e6 Bd8 57. e7 Bxe7 58. c7 Bf6 59. Bxf6 Kxf6 60.
c8=Q a1=Q 1-0

[Event "15. Offene HH Senioren EM 2008"]
[Site "Hamburg"]
[Date "2008.10.29"]
[Round "3.7"]
[White "Assmus, Edgar"]
[Black "Schierholz, Guenter"]
[Result "0-1"]
[WhiteElo "1945"]
[BlackElo "1871"]
[PlyCount "116"]
[EventDate "2008.??.??"]
[WhiteTeam "Niendorfer TSV 1919 SAbt"]
[BlackTeam "Koenigsspr.SC.1984 e.V."]

1. e4 c5 2. Nc3 d6 3. g3 Nc6 4. Bg2 g6 5. d3 Bg7 6. Nge2 e6 7. Bd2 Nge7 8. a3
a6 9. O-O Qc7 10. Rb1 O-O 11. h3 Bd7 12. Qc1 f5 13. f4 Rac8 14. Kh2 Nd4 15. Qd1
Nec6 16. Nxd4 Nxd4 17. Ne2 b5 18. c3 Nxe2 19. Qxe2 Rce8 20. Qd1 Re7 21. Qc2
Rfe8 22. Rbe1 Kh8 23. Rf2 Bc6 24. Rfe2 Bb7 25. Bc1 d5 26. e5 Rc8 27. Qd1 d4 28.
Bxb7 Qxb7 29. Rc2 Rec7 30. b3 Qd5 31. c4 bxc4 32. bxc4 Qc6 33. Rb2 Rb7 34. Rxb7
Qxb7 35. Qa4 Bf8 36. Rg1 Rb8 37. Rg2 Qb1 38. Qc2 Rb3 39. Qxb1 Rxb1 40. Rc2 Be7
41. g4 Kg7 42. Kg3 Bd8 43. Kf3 Ba5 44. h4 Be1 45. h5 gxh5 46. gxf5 exf5 47.
Rg2+ Kf7 48. Bd2 Bxd2 49. Rxd2 Rb3 50. a4 Ra3 51. Kg3 Rxa4 52. Kh4 Ra1 53. Kg5
Ke6 54. Rb2 Rg1+ 55. Kh6 h4 56. Rb6+ Kd7 57. Rf6 h3 58. Rxf5 h2 0-1

[Event "15. Offene HH Senioren EM 2008"]
[Site "Hamburg"]
[Date "2008.10.29"]
[Round "3.8"]
[White "Stubbe, Werner"]
[Black "Brueckner, Gerhard"]
[Result "0-1"]
[WhiteElo "1723"]
[BlackElo "1867"]
[PlyCount "72"]
[EventDate "2008.??.??"]
[WhiteTeam "Niendorfer TSV 1919 SAbt"]
[BlackTeam "Pinneberger SC 1932 eV"]

1. e4 e6 2. d3 Bc5 3. Qh5 Bb6 4. Bg5 Ne7 5. f4 d5 6. e5 c5 7. Nd2 Nbc6 8. c3
Qc7 9. Nh3 Bd7 10. Qh4 Nf5 11. Qf2 h6 12. g4 c4 13. Qe2 Ne3 14. Bh4 Nc2+ 15.
Kd1 cxd3 16. Qxd3 Nxa1 17. Qb1 d4 18. Ne4 dxc3 19. bxc3 Nxe5 20. Qxa1 Nxg4 21.
Bd3 Ba4+ 22. Ke2 f5 23. Nef2 Nxf2 24. Bxf2 Bxf2 25. Nxf2 O-O-O 26. Rb1 Rd6 27.
Rb4 Bc6 28. a4 Rhd8 29. Rc4 Qd7 30. Qb1 Kb8 31. Rb4 Bg2 32. Bb5 Qf7 33. Ke3 Qc7
34. Qb2 Qb6+ 35. Rd4 Rxd4 36. cxd4 a6 0-1

[Event "15. Offene HH Senioren EM 2008"]
[Site "Hamburg"]
[Date "2008.10.29"]
[Round "3.9"]
[White "Werner, Joern"]
[Black "Diehl, Walter"]
[Result "0-1"]
[WhiteElo "1579"]
[BlackElo "1931"]
[PlyCount "94"]
[EventDate "2008.??.??"]
[WhiteTeam "SK Wilhelmsburg 1936 eV"]
[BlackTeam "Altonaer SK 1873 eV"]

1. e4 c5 2. Nf3 d6 3. d4 cxd4 4. Qxd4 Nc6 5. Qd1 g6 6. h3 Bg7 7. c3 Nf6 8. Bc4
O-O 9. Qe2 Nd7 10. a3 Nde5 11. Ba2 Nxf3+ 12. Qxf3 Ne5 13. Qe3 Qc7 14. Nd2 Qc5
15. O-O Qxe3 16. fxe3 Bd7 17. Nf3 Bb5 18. Rf2 e6 19. Nxe5 Bxe5 20. c4 Bc6 21.
Bb1 a5 22. Bd3 Rfc8 23. Rb1 a4 24. Bd2 h5 25. Bb4 Kg7 26. Rc1 b6 27. Bc3 Bxc3
28. Rxc3 Ra5 29. Rc1 Re5 30. Rcf1 Rc7 31. Bc2 Bxe4 32. Bxa4 Bd3 33. Rd1 Rxe3
34. Rfd2 Bxc4 35. Rc1 Rc5 36. Rxd6 b5 37. Bd1 Rg5 38. Kh2 Bd5 39. Rc2 Reg3 40.
Bf3 Bxf3 41. gxf3 Rxf3 42. Rdc6 Rgg3 43. R6c5 Rxh3+ 44. Kg2 Rhg3+ 45. Kh2 Rb3
46. Rc7 h4 47. Rb7 Rh3+ 0-1

[Event "15. Offene HH Senioren EM 2008"]
[Site "Hamburg"]
[Date "2008.10.29"]
[Round "3.10"]
[White "Baumann, Siegfried"]
[Black "Voss, Werner"]
[Result "1/2-1/2"]
[WhiteElo "1544"]
[BlackElo "1857"]
[PlyCount "41"]
[EventDate "2008.??.??"]
[WhiteTeam "SK Caissa Rahlstedt"]
[BlackTeam "SK Caissa Rahlstedt"]

1. d4 d5 2. c4 c6 3. Nc3 e6 4. e4 Bb4 5. e5 Nd7 6. Nf3 dxc4 7. Bxc4 b5 8. Bb3
Bb7 9. a3 Be7 10. O-O a6 11. Ne4 c5 12. Bc2 Qb6 13. dxc5 Bxc5 14. Nxc5 Qxc5 15.
Be3 Qd5 16. Qd4 Ne7 17. Rad1 Qxd4 18. Bxd4 Nd5 19. Rfe1 Rc8 20. Be4 O-O 21. h4
1/2-1/2

[Event "15. Offene HH Senioren EM 2008"]
[Site "Hamburg"]
[Date "2008.10.29"]
[Round "3.11"]
[White "Zippert, Georg"]
[Black "Berking, Bernhard"]
[Result "1-0"]
[WhiteElo "1929"]
[BlackElo "1526"]
[PlyCount "53"]
[EventDate "2008.??.??"]
[WhiteTeam "SF Hamburg eV 1934"]
[BlackTeam "SVG Blankenese"]

1. e4 c5 2. Nf3 d6 3. d4 cxd4 4. Nxd4 Nf6 5. Nc3 a6 6. Be2 e5 7. Nf3 Be7 8. O-O
Be6 9. h3 O-O 10. Ng5 Bd7 11. Be3 Bc6 12. Bd3 Nbd7 13. Qe2 b5 14. a3 Qc7 15. b4
Nb6 16. Rad1 Rad8 17. f4 exf4 18. Bxf4 Nfd7 19. Nd5 Bxd5 20. exd5 Ne5 21. Be3
Nxd3 22. Qxd3 Rc8 23. Rf6 g6 24. Rf2 Qd8 25. Nf3 Bf6 26. Nd4 Rc4 27. Rdf1 1-0

[Event "15. Offene HH Senioren EM 2008"]
[Site "Hamburg"]
[Date "2008.10.29"]
[Round "3.12"]
[White "Gette, Viktor"]
[Black "Dangelowski, Peter"]
[Result "0-1"]
[WhiteElo "1500"]
[BlackElo "1791"]
[PlyCount "62"]
[EventDate "2008.??.??"]
[WhiteTeam "Koenigsspr.SC.1984 e.V."]
[BlackTeam "Pinneberger SC 1932 eV"]

1. d4 d5 2. Nf3 Nf6 3. e3 c6 4. c4 e6 5. a3 Nbd7 6. c5 Qc7 7. b4 a6 8. Bb2 g6
9. Qc2 Bg7 10. Bd3 O-O 11. Nbd2 Ne8 12. h4 e5 13. dxe5 Nxe5 14. h5 Nxd3+ 15.
Qxd3 Bxb2 16. Ra2 Bg7 17. h6 Bh8 18. Ng5 Bf5 19. e4 dxe4 20. Ndxe4 Rd8 21. Qf3
Qe5 22. g4 Bxe4 23. Nxe4 Nf6 24. Rh5 Qxe4+ 25. Qxe4 Nxe4 26. Rh3 Rfe8 27. Kf1
Be5 28. Re2 Bf4 29. Kg2 Rd2 30. Rxd2 Nxd2 31. Rh1 Re2 0-1

[Event "15. Offene HH Senioren EM 2008"]
[Site "Hamburg"]
[Date "2008.10.29"]
[Round "3.13"]
[White "Soerens, Meno"]
[Black "Cassens, Erhard Otto"]
[Result "0-1"]
[WhiteElo "1479"]
[BlackElo "1785"]
[PlyCount "48"]
[EventDate "2008.??.??"]
[WhiteTeam "Schachfreunde Hamburg v. 1934 eV"]
[BlackTeam "SAbt SV Lurup Hamb. 1923"]

1. e4 e6 2. d4 d5 3. Nc3 Bb4 4. e5 c5 5. a3 Bxc3+ 6. bxc3 Qa5 7. Nf3 cxd4 8.
Qxd4 Nc6 9. Qd3 Nge7 10. Bd2 Qc7 11. Bf4 Ng6 12. Qe3 a6 13. Bg3 Bd7 14. Be2 Rc8
15. O-O Na5 16. h4 Ba4 17. h5 Ne7 18. Nd4 Qxc3 19. Qxc3 Rxc3 20. Bd3 g6 21.
hxg6 hxg6 22. f4 Bxc2 23. Bxc2 Rxg3 24. Ba4+ b5 0-1

[Event "15. Offene HH Senioren EM 2008"]
[Site "Hamburg"]
[Date "2008.10.29"]
[Round "3.14"]
[White "Seemann, Hans Siegfried"]
[Black "Kock, Rudolf"]
[Result "1-0"]
[WhiteElo "1779"]
[BlackElo "1474"]
[PlyCount "53"]
[EventDate "2008.??.??"]
[WhiteTeam "Koenigsspr.SC.1984 e.V."]
[BlackTeam "SF Hamburg eV 1934"]

1. e4 c5 2. Nf3 g6 3. Bc4 Bg7 4. c3 Qc7 5. Qb3 e6 6. d4 cxd4 7. cxd4 Nc6 8. Qd1
Nge7 9. Be3 d5 10. exd5 exd5 11. Bd3 Nb4 12. Qa4+ Nbc6 13. Nc3 Bd7 14. Qd1 a6
15. O-O O-O 16. Rc1 Qd8 17. Ne2 Bg4 18. Ng3 Nxd4 19. Bxd4 Bxd4 20. Bxg6 Bxf2+
21. Rxf2 hxg6 22. Qd4 Be6 23. Ng5 Nf5 24. Rxf5 Rc8 25. Rxc8 Qxc8 26. Qh4 Qc1+
27. Rf1 1-0

[Event "15. Offene HH Senioren EM 2008"]
[Site "Hamburg"]
[Date "2008.10.29"]
[Round "3.15"]
[White "Lubisch, Gerwalt"]
[Black "Raedisch, Peter"]
[Result "0-1"]
[WhiteElo "1472"]
[BlackElo "1817"]
[PlyCount "100"]
[EventDate "2008.??.??"]
[WhiteTeam "SVG Blankenese"]
[BlackTeam "SF Hamburg eV 1934"]

1. e4 e5 2. f4 Nc6 3. Nf3 exf4 4. d4 d5 5. e5 Bg4 6. c3 g5 7. Bb5 Qd7 8. Qd3
Bxf3 9. Qxf3 a6 10. Ba4 O-O-O 11. O-O Nge7 12. Bc2 h5 13. Nd2 h4 14. h3 Nf5 15.
Nb3 Ng3 16. Rf2 Qe6 17. Bxf4 gxf4 18. Qxf4 Kb8 19. Qxf7 Qxf7 20. Rxf7 Bh6 21.
Kf2 Rdf8 22. Rxf8+ Rxf8+ 23. Kg1 Be3+ 24. Kh2 Rf2 25. Bd3 Rxb2 26. Nc5 Bd2 27.
Na4 Bxc3 28. Nxc3 Rd2 29. Rd1 {(=)} Rxd1 30. Nxd1 Nxd4 31. Ne3 c6 32. Kg1 Kc7
33. Kf2 Kd7 34. Ng4 Ke6 35. Ke3 c5 36. Kf4 c4 37. Bh7 Kf7 38. Kg5 c3 39. Ne3
Ne4+ 40. Bxe4 dxe4 41. Kf4 c2 42. Nxc2 Nxc2 43. Kxe4 Ke6 44. Kf4 Nd4 45. g4
hxg3 46. Kxg3 Kxe5 47. Kg4 b5 48. h4 b4 49. Kg5 a5 50. h5 Nf5 0-1

[Event "15. Offene HH Senioren EM 2008"]
[Site "Hamburg"]
[Date "2008.10.29"]
[Round "3.16"]
[White "Hadenfeldt, Klaus"]
[Black "Nendza, Jan"]
[Result "1-0"]
[WhiteElo "1773"]
[BlackElo "1467"]
[PlyCount "37"]
[EventDate "2008.??.??"]
[WhiteTeam "Hamburger SK von 1830 eV"]
[BlackTeam "SAbt Gehörlosen SPV 04"]

1. d4 d5 2. c4 dxc4 3. Qa4+ Nc6 4. Qxc4 Nxd4 5. e3 Nc6 6. Nf3 Be6 7. Qc2 Nb4 8.
Qa4+ Nc6 9. Bb5 Qd5 10. Nc3 Qd6 11. O-O a6 12. b3 Bd7 13. Ba3 Qe6 14. Rad1 Nb8
15. Bxd7+ Nxd7 16. Nd5 O-O-O 17. Qf4 Ne5 18. Qxe5 Nf6 19. Qxc7# 1-0

[Event "15. Offene HH Senioren EM 2008"]
[Site "Hamburg"]
[Date "2008.10.29"]
[Round "3.17"]
[White "Funke, Hermann"]
[Black "Keuneke, Hanno"]
[Result "1/2-1/2"]
[WhiteElo "1418"]
[BlackElo "1694"]
[PlyCount "135"]
[EventDate "2008.??.??"]
[WhiteTeam "SK Johanneum Eppendorf"]
[BlackTeam "Langenhorner SF 1928"]

1. e4 e5 2. Nf3 Nc6 3. Bc4 Be7 4. d4 exd4 5. Nxd4 Nf6 6. Nc3 O-O 7. O-O Ne5 8.
Be2 d6 9. Nf5 Re8 10. Nxe7+ Qxe7 11. Bg5 c6 12. f4 Ng6 13. Qd4 c5 14. Qd2 h6
15. Bxf6 Qxf6 16. Nd5 Qd8 17. f5 Ne7 18. Rae1 Nxd5 19. exd5 Qf6 20. Bb5 Rxe1
21. Rxe1 Bxf5 22. Rf1 Qxb2 23. Qf4 Qxb5 24. Qxf5 Rf8 25. Qf4 Qd7 26. c4 Re8 27.
h3 Qe7 28. Kh1 f6 29. Qg3 Qe5 30. Qg4 Qe2 31. Qf4 Re5 32. Rf2 Qe3 33. Qxe3 Rxe3
34. Rc2 Re4 35. Kg1 f5 36. Kf2 Kf7 37. Kf3 Kf6 38. g4 g6 39. Rc3 Ke5 40. gxf5
Kxf5 41. Ra3 a6 42. Rb3 Rxc4 43. Rxb7 Rc3+ 44. Kg2 Rc2+ 45. Kf3 Ke5 46. Rg7
Rc3+ 47. Kg2 g5 48. Rh7 Kxd5 49. Rxh6 Rc2+ 50. Kg3 Rxa2 51. Rh5 c4 52. Rxg5+
Ke6 53. Rg6+ Kd7 54. Rg7+ Kc6 55. Rg4 d5 56. h4 c3 57. Rg6+ Kd7 58. Rg5 Rd2 59.
Rg7+ Ke8 60. h5 Rd1 61. Rc7 d4 62. h6 Rh1 63. h7 Kf8 64. Kg2 Rh6 65. Kf3 c2 66.
Rxc2 Rxh7 67. Rc8+ Kg7 68. Rc7+ 1/2-1/2

[Event "15. Offene HH Senioren EM 2008"]
[Site "Hamburg"]
[Date "2008.10.29"]
[Round "3.18"]
[White "Klinkow, Alexander"]
[Black "Meyer, Hans-Georg"]
[Result "1-0"]
[WhiteElo "1617"]
[BlackElo "1358"]
[PlyCount "95"]
[EventDate "2008.??.??"]
[WhiteTeam "SF Wedel"]
[BlackTeam "Bramfelder SK 1947"]

1. d4 d5 2. c4 e6 3. Nc3 Nf6 4. Nf3 c6 5. e3 Be7 6. Bd3 Nbd7 7. cxd5 cxd5 8.
O-O a6 9. b3 O-O 10. Qc2 g6 11. a4 Re8 12. Rb1 Nb8 13. b4 Nc6 14. b5 Nb4 15.
Qe2 Nxd3 16. Qxd3 b6 17. Ne5 Bb7 18. f3 Bd6 19. f4 a5 20. Bd2 Rc8 21. Rbc1 Nd7
22. Be1 Nxe5 23. fxe5 Be7 24. Bg3 Rc7 25. Ne2 Bf8 26. Kh1 Qb8 27. Rxc7 Qxc7 28.
Rc1 Qb8 29. Bh4 Bg7 30. Kg1 Rc8 31. Rxc8+ Qxc8 32. Qc3 Qxc3 33. Nxc3 h6 34. Bd8
h5 35. Bxb6 f6 36. exf6 Bxf6 37. Bxa5 Kf7 38. Bb6 Ke8 39. a5 Kd7 40. Na4 e5 41.
Nc5+ Kc8 42. Nxb7 Kxb7 43. Kf1 exd4 44. Bxd4 Bd8 45. a6+ Ka8 46. Ke2 Bc7 47. h3
Bb8 48. Kd3 1-0

[Event "15. Offene HH Senioren EM 2008"]
[Site "Hamburg"]
[Date "2008.10.29"]
[Round "3.19"]
[White "Marquardt, Rolf"]
[Black "Bobzin, Volker"]
[Result "1-0"]
[WhiteElo "1778"]
[BlackElo "1476"]
[PlyCount "109"]
[EventDate "2008.??.??"]
[WhiteTeam "Langenhorner SF 1928"]
[BlackTeam "Schachfreunde Hamburg v. 1934 eV"]

1. d4 Nf6 2. Bf4 d6 3. e3 Nbd7 4. Nf3 b6 5. Nbd2 Bb7 6. Bd3 g6 7. h3 Bg7 8. c3
O-O 9. Qc2 c5 10. O-O a6 11. a4 d5 12. Rfe1 c4 13. Bf1 Bc6 14. Ne5 Nxe5 15.
Bxe5 Ne4 16. Bxg7 Kxg7 17. Nxe4 dxe4 18. Bxc4 e6 19. Qe2 Qd7 20. Bb3 b5 21.
axb5 axb5 22. Qf1 Bd5 23. Bxd5 Qxd5 24. Rxa8 Rxa8 25. Ra1 Rxa1 26. Qxa1 Qb3 27.
Qc1 h5 28. Qd2 f5 29. Kf1 g5 30. f3 Qd5 31. fxe4 Qxe4 32. Qe2 Kg6 33. Kf2 f4
34. exf4 Qxf4+ 35. Kg1 Qf5 36. g4 hxg4 37. hxg4 Qd5 38. Qe5 Qb3 39. Qe4+ Kf6
40. Qf3+ Kg6 41. Qe2 Qd5 42. Kf2 Qb3 43. Ke3 Kf6 44. Qf2+ Kg6 45. Qh2 Qd5 46.
Qh5+ Kg7 47. Qh2 Kf6 48. Qh6+ Kf7 49. Qh7+ Kf6 50. Qe4 Ke7 51. Qxd5 exd5 52.
Kd3 Kd7 53. Kc2 Kc6 54. Kb3 Kb7 55. Kb4 1-0

[Event "15. Offene HH Senioren EM 2008"]
[Site "Hamburg"]
[Date "2008.10.29"]
[Round "3.20"]
[White "Peters, Reiner"]
[Black "Zimmermann, Manfred"]
[Result "1/2-1/2"]
[WhiteElo "1457"]
[BlackElo "1879"]
[PlyCount "83"]
[EventDate "2008.??.??"]
[WhiteTeam "SK Caissa Rahlstedt"]
[BlackTeam "Pinneberger SC 1932 eV"]

1. d4 Nf6 2. Nf3 g6 3. Bf4 d6 4. h3 Bg7 5. e3 c5 6. c3 Nbd7 7. Nbd2 cxd4 8.
exd4 a6 9. Be2 O-O 10. O-O Nh5 11. Bh2 f5 12. Ng5 Ndf6 13. Re1 h6 14. Qb3+ d5
15. Ngf3 Kh7 16. Ne5 b5 17. Qc2 Ne4 18. Bxh5 gxh5 19. Nxe4 fxe4 20. Re3 Bf5 21.
Qe2 Qe8 22. Bg3 Bf6 23. Qf1 Rg8 24. Kh1 Rg7 25. Bh2 h4 26. f3 h5 27. Qf2 exf3
28. Qxf3 e6 29. Re2 Rc8 30. Rae1 Be4 31. Qe3 Qg8 32. Rg1 Rf8 33. Rf2 Bg5 34.
Qe2 Rxf2 35. Qxf2 Bh6 36. Nf3 Bxf3 37. Qxf3 Qf7 38. Qxf7 Rxf7 39. Be5 Kg6 40.
Rb1 Bf4 41. Bxf4 Rxf4 42. Kg1 1/2-1/2

[Event "15. Offene HH Senioren EM 2008"]
[Site "Hamburg"]
[Date "2008.10.29"]
[Round "3.21"]
[White "Manowski, Werner"]
[Black "Hermann, Armin"]
[Result "0-1"]
[WhiteElo "1403"]
[BlackElo "1756"]
[PlyCount "110"]
[EventDate "2008.??.??"]
[WhiteTeam "Langenhorner SF 1928"]
[BlackTeam "Ahrensburger TSV"]

1. d4 d5 2. Nf3 Nf6 3. Bf4 e6 4. e3 Bd6 5. Bd3 O-O 6. Bg3 Nc6 7. c3 Qe7 8. Ne5
Bd7 9. Nd2 Rac8 10. Ndf3 h6 11. Qc2 Bxe5 12. Nxe5 Nxe5 13. dxe5 Ne8 14. h4 c5
15. c4 dxc4 16. Bh7+ Kh8 17. h5 Bc6 18. Be4 Bxe4 19. Qxe4 b5 20. f4 Qc7 21. O-O
Qc6 22. Qc2 Nc7 23. e4 Rcd8 24. Rfd1 Rd4 25. Rxd4 cxd4 26. Rd1 Rd8 27. Qd2 d3
28. Qe3 a6 29. f5 Qd7 30. f6 Qd4 31. Bf2 Qxe3 32. Bxe3 Ne8 33. Bc5 gxf6 34.
exf6 Nd6 35. e5 Ne4 36. Be7 Rd5 37. Bb4 Ng3 38. Bd2 Kh7 39. Kf2 Ne4+ 40. Kf3
Nxd2+ 41. Rxd2 Rxe5 42. g4 Kg8 43. a3 a5 44. Kf2 b4 45. a4 Rd5 46. Ke3 Rg5 47.
Rg2 Re5+ 48. Kd2 Rd5 49. Rg3 c3+ 50. bxc3 bxc3+ 51. Kd1 Kh7 52. Rg2 Rd4 53. g5
Rxa4 54. g6+ Kg8 55. gxf7+ Kxf7 0-1

[Event "15. Offene HH Senioren EM 2008"]
[Site "Hamburg"]
[Date "2008.10.29"]
[Round "3.22"]
[White "Bartlitz, Heinz"]
[Black "Schleu, Günther"]
[Result "1/2-1/2"]
[WhiteElo "1841"]
[BlackElo "1254"]
[PlyCount "65"]
[EventDate "2008.??.??"]
[WhiteTeam "Bramfelder SK 1947"]
[BlackTeam "Pinneberger SC 1932 eV"]

1. e4 c5 2. Nc3 e6 3. g3 Nc6 4. Bg2 Be7 5. f4 d6 6. Nf3 Qc7 7. O-O a6 8. a4 Bd7
9. d3 h6 10. Bd2 Nf6 11. h3 Qb6 12. Qc1 Rc8 13. Kh1 Qc7 14. Ne2 O-O 15. Rb1 a5
16. c3 b6 17. b3 Nh7 18. Nh2 f5 19. d4 cxd4 20. cxd4 fxe4 21. Bxe4 d5 22. Bg2
Nf6 23. Qc2 Nb4 24. Qd1 Qb7 25. Rc1 Rxc1 26. Qxc1 Rc8 27. Qb1 Ne4 28. Be3 Rc2
29. Bf3 Qc7 30. Rc1 Bd6 31. Ng4 Rxc1+ 32. Bxc1 Nc3 33. Qb2 1/2-1/2

[Event "15. Offene HH Senioren EM 2008"]
[Site "Hamburg"]
[Date "2008.10.29"]
[Round "3.23"]
[White "Graffenberger, Marianne"]
[Black "Tost, Günther"]
[Result "1-0"]
[WhiteElo "1500"]
[BlackElo "1450"]
[PlyCount "91"]
[EventDate "2008.??.??"]
[WhiteTeam "Hamburger SK von 1830 eV"]
[BlackTeam "Barmbeker SK 1926 eV"]

1. e4 c5 2. Nf3 Nc6 3. d4 cxd4 4. Nxd4 Nf6 5. Nc3 a6 6. Nf3 d6 7. Be2 Bg4 8.
O-O Bxf3 9. Bxf3 Ne5 10. Nd5 e6 11. Nxf6+ Qxf6 12. Be3 Nxf3+ 13. Qxf3 Qxf3 14.
gxf3 h5 15. f4 g6 16. Bd4 Rg8 17. Kh1 Bh6 18. Be3 b5 19. Rad1 Rd8 20. Rg1 Ke7
21. Rd3 Bg7 22. b3 Rc8 23. Rc1 Rc6 24. c4 Rgc8 25. Kg2 bxc4 26. bxc4 Rxc4 27.
Rxc4 Rxc4 28. Kf3 Ra4 29. a3 Bb2 30. Rb3 Rxa3 31. Rxb2 a5 32. Kg2 a4 33. e5 Rb3
34. Ra2 a3 35. exd6+ Kxd6 36. Bc1 Kd5 37. Bxa3 Ke4 38. Bc1 Kf5 39. Ra5+ Kg4 40.
Be3 Rd3 41. h3+ Kh4 42. Ra4 f5 43. Ra6 Rd8 44. Rxe6 Rg8 45. f3 Rc8 46. Bf2# 1-0

[Event "15. Offene HH Senioren EM 2008"]
[Site "Hamburg"]
[Date "2008.10.29"]
[Round "3.24"]
[White "Hofmeier, Arthur"]
[Black "Falk, Rolf"]
[Result "0-1"]
[WhiteElo "1420"]
[BlackElo "1080"]
[PlyCount "84"]
[EventDate "2008.??.??"]
[WhiteTeam "Hamburger SK von 1830 eV"]
[BlackTeam "Koenigsspr.SC.1984 e.V."]

1. e4 c5 2. Nf3 Nc6 3. Bc4 e6 4. O-O Be7 5. c3 d5 6. exd5 exd5 7. Bb5 Nf6 8. d4
O-O 9. Bxc6 bxc6 10. Ne5 Bb7 11. Nd2 Qc7 12. Ndf3 Nd7 13. Bf4 Qd8 14. Nd3 c4
15. Nde5 Nxe5 16. dxe5 Bc8 17. Nd4 Qb6 18. b4 c5 19. bxc5 Bxc5 20. Rb1 Qd8 21.
Nb5 Be6 22. Qd2 Bb6 23. h3 f6 24. Kh1 Qe8 25. Nd4 Bd7 26. Rfe1 Qg6 27. e6 Bc8
28. Nc6 Re8 29. Bd6 Qf5 30. Ne7+ Rxe7 31. Bxe7 Bxe6 32. f3 Re8 33. Bb4 h6 34.
Re2 Qxb1+ 35. Re1 Qf5 36. a4 a5 37. Bd6 Qd3 38. Qf4 Qxc3 39. Rb1 Be3 40. Qg3
Qc2 41. Re1 Bf2 42. Rxe6 Rxe6 0-1